00336nam a2200109 a 450000100100000000500170001000800410002704000250006824500720009326000390016530000220020400003809520201002031155.0130313s1960 dr 000 0 spa d aDO-SdBNPbspacBNPHU00aTrujillo and the church :bstatements by prominent roman catholics. aCiudad Trujillo :bCaribe ,c1960. a27 p. : ;c23 cm.